Les 20 joueurs les plus décisifs en Premier League 2022/23. - Statistiques

Statistiques générales
  • Ce quiz a été pris 259 fois
  • Le résultat moyen est 15 sur 20
Statistiques - réponses
B+PD Joueurs Clubs % Correct
44 Erling Haaland Manchester City
100%
31 Mohamed Salah Liverpool
99%
33 Harry Kane Tottenham
98%
25 Bukayo Saka Arsenal
96%
23 Kevin De Bruyne Manchester City
93%
16 Heung-Min Son Tottenham
91%
22 Marcus Rashford Manchester United
89%
22 Martin Odegaard Arsenal
85%
17 Gabriel Jesus Arsenal
83%
20 Gabriel Martinelli Arsenal
82%
16 Bruno Fernandes Manchester United
78%
24 Ivan Toney Brentford
71%
16 Phil Foden Manchester City
70%
20 Leandro Trossard BrightonArsenal
65%
23 Callum Wilson Newcastle
58%
21 Ollie Watkins Aston Villa
57%
19 James Maddison Leicester
51%
15 Aleksandar Mitrovic Fulham
49%
17 Bryan Mbeumo Brentford
39%
17 Pascal Grob Brighton
5%
Aucun quiz correspondant
Distribution des résultats
% des personnes avec chaque résultat
Percentile par nombre de réponses
Votre historique - résultats
Vous n’avez pas pris ce quiz